Statistics for FC Barcelona - Borussia Dortmund Champions League 2019-20

Click here to take the quiz!

General Stats

  • This quiz has been taken 23 times
  • The average score is 22 of 30

Answer Stats

Player% Correct
Marc-Andre ter Stegen
100%
Lionel Messi ¹
100%
Luis Suárez ¹
100%
Marco Reus
100%
Samuel Umtiti
100%
Sergio Busquets
95%
Mats Hummels
91%
Antoine Griezmann ¹
86%
Sergi Roberto
86%
Roman Bürki
82%
Raphaël Guerreiro
82%
Clément Lenglet
82%
Ousmane Dembélé
82%
Jadon Sancho ¹
77%
Axel Witsel
73%
Arturo Vidal
68%
Achraf Hakimi
68%
Manuel Akanji
68%
Ivan Rakitić
68%
Ernesto Valverde
64%
Frenkie de Jong
64%
Mario Götze
64%
Lucien Favre
59%
Julian Brandt
59%
Junior Firpo
59%
Łukasz Piszczek
55%
Dan-Axel Zagadou
55%
Julian Weigl
45%
Nico Schulz
45%
Moussa Wagué
9%

Score Distribution

Percentile by Number Answered

Percent of People with Each Score

Your Score History

You have not taken this quiz